000 00725cam a2200265 4500500
005 20260329004709.0
041 _afre
042 _adc
100 1 0 _aLegros, Martin
_eauthor
245 0 0 _aEt si mon patron payait mon loyer ?
260 _c2020.
500 _a75
690 _aArchitecture
690 _aCoworking
690 _aEntreprise
690 _aFlexibilité
690 _aHabitat
690 _aLogement
690 _aLoi
690 _aSyndicat
690 _aTélétravail
690 _aTravail
786 0 _nPhilosophie magazine | 144 | 11 | 2020-11-01 | p. 38-39 | 1951-1787
856 4 1 _uhttps://shs.cairn.info/magazine-philosophie-magazine-2020-11-page-38?lang=fr&redirect-ssocas=7080
999 _c1836374
_d1836374